000 00450nam a22001577a 4500
020 _a9788120322134
040 _cNust
082 _a005.8
_bKAU
100 _aCharlie Kaufman
_9124422
110 _aRadia Perlman, Mike Speciner
_9124423
245 _aNetwork Security
_bPrivate Communication in a Public Word
250 _a2nd Edition
260 _aNew Delhi:
_bPHI Learning Pvt Ltd,
_c2002.
650 _aNetwork Security
_960225
942 _2ddc
_cBK
999 _c610289
_d610289